An analysis of the influence of land use and selected land cover parameters on the distribution of certain longhorn beetles (Coleoptera: cermbycidae) in sweden / (Record no. 13295)
[ view plain ]
| 000 -LEADER | |
|---|---|
| fixed length control field | 00710nam a22002057a 4500 |
| 003 - CONTROL NUMBER IDENTIFIER | |
| control field | BD-DhSAU |
| 005 - DATE AND TIME OF LATEST TRANSACTION | |
| control field | 20190225135151.0 |
| 008 - FIXED-LENGTH DATA ELEMENTS--GENERAL INFORMATION | |
| fixed length control field | 160509b sw ||||| |||| 001 0 eng d |
| 040 ## - CATALOGING SOURCE | |
| Original cataloging agency | BD-DhSAU |
| 082 ## - DEWEY DECIMAL CLASSIFICATION NUMBER | |
| Edition number | 22 |
| Classification number | 571.92 |
| Item number | K9645 |
| 100 ## - MAIN ENTRY--PERSONAL NAME | |
| Personal name | Kundu, Shilpi |
| 245 ## - TITLE STATEMENT | |
| Title | An analysis of the influence of land use and selected land cover parameters on the distribution of certain longhorn beetles (Coleoptera: cermbycidae) in sweden / |
| Remainder of title | Phd thesis |
| 300 ## - PHYSICAL DESCRIPTION | |
| Extent | 1, 66 p. : |
| Other physical details | ill. ; |
| Dimensions | 30 cm. |
| 500 ## - GENERAL NOTE | |
| General note | Ph.D thesis of University of Swedish University of Agricultural Sciences. |
| 590 ## - Name of Cataloguer | |
| Name of Cataloger | Md. Sirajul Islam |
| 650 ## - SUBJECT ADDED ENTRY--TOPICAL TERM | |
| Topical term or geographic name as entry element | Influence |
| 650 ## - SUBJECT ADDED ENTRY--TOPICAL TERM | |
| Topical term or geographic name as entry element | Land |
| 650 ## - SUBJECT ADDED ENTRY--TOPICAL TERM | |
| Topical term or geographic name as entry element | Certain |
| 942 ## - ADDED ENTRY ELEMENTS (KOHA) | |
| Source of classification or shelving scheme | Dewey Decimal Classification |
| Koha item type | PhD Thesis |
No items available.
